livestock rearing in the tropics (Record no. 3495)

MARC details
000 -LEADER
fixed length control field 00379nam a22001457a 4500
008 - FIXED-LENGTH DATA ELEMENTS--GENERAL INFORMATION
fixed length control field 250514b |||||||| |||| 00| 0 eng d
020 ## - INTERNATIONAL STANDARD BOOK NUMBER
ISBN 033339242
100 ## - MAIN ENTRY--AUTHOR
Author macdonald, lan
245 ## - TITLE STATEMENT
Title livestock rearing in the tropics
260 ## - PUBLICATION, DISTRIBUTION, ETC. (IMPRINT)
Place of publication london
Name of publisher macmillian education
Date of publication 1985
300 ## - COLLATION
Pagination v, 138p.
Other physical details ill.
650 ## - TRACINGS
Main Subject livestock-tropic
942 ## - ADDED ENTRY ELEMENTS (KOHA)
Item type Books
050 ## - LIBRARY OF CONGRESS CALL NUMBER
Classification number SF75.3.T76
Item number .M33
Holdings
Source of classification or shelving scheme Not for loan Permanent location Current location Date acquired Accession No. Full call number Barcode. Koha item type
Library of Congress Classification   Samuel Ogbemudia Main Library, University of Abuja Samuel Ogbemudia Main Library, University of Abuja 05/14/2025 2025/64477 SF75.3.T76.M33 2025-1965 Books